Mikroprocesor Motorola 68030 : příručka programátora /

Hlavní autor: Čada, Ondřej, 1966-
Další autoři: Samec, Libor
Jazyk: Čeština
Vydáno: Praha : Grada, 1992
Edice: Nestůjte za dveřmi (Grada)
Témata:
Fyzický popis: 438 s. : tab., schémata ; 23 cm
Knihy
Uloženo v:
LEADER 01202aam a22003492a 4500
001 000751863
003 CZ BrMZK
005 20111106162132.0
007 ta
008 041125s1992 xr er|||||||||||cze d
015 |a cnb000072320 
020 |a 80-85424-85-1  |q (brož.) 
035 |a (OCoLC)39584104 
040 |a ABA001  |b cze  |d BOA001 
080 9 |a 681.3.02  |2 undef 
100 1 |a Čada, Ondřej,  |d 1966-  |7 xx0018375  |4 aut 
245 1 0 |a Mikroprocesor Motorola 68030 :  |b příručka programátora /  |c Ondřej Čada 
260 |a Praha :  |b Grada,  |c 1992 
300 |a 438 s. :  |b tab., schémata ;  |c 23 cm 
490 1 |a Nestůjte za dveřmi 
500 |a Věcný rejstřík 
500 |a Obálka Libor Samec 
500 |a Pozn 
653 0 |a Motorola 68030  |a mikroprocesory 
655 7 |a příručky  |7 fd133209  |2 czenas 
700 1 |a Samec, Libor  |7 jx20050527030  |4 art 
830 0 |a Nestůjte za dveřmi (Grada)  |0 s 
910 |a BOA001  |b 2-0985.409  |b TK-0251.262  |k k 
920 |a 000151601 
990 |a BK 
996 7 |b 2619213936  |c 2-0985.409  |l MZK  |r Sklad / do 1 hodiny  |n 2  |w 000751863  |u 000010  |a 1  |e BOA001  |j MZK50  |s A 
996 7 |b 2629985657  |c TK-0251.262  |l MZK  |r Sklad / do 24 hodin  |n 4  |w 000751863  |u 000020  |a 1  |e BOA001  |j MZK50  |s A